[Event "USA-ch"]
[Site "Seattle"]
[Date "2003.01.10"]
[Round "2"]
[White "Kaidanov, Gregory S"]
[Black "Fishbein, Alexander"]
[Result "1-0"]
[WhiteElo "2629"]
[BlackElo "2489"]
[Annotator "Gofshtein,L"]
[PlyCount "107"]
[EventDate "2003.01.09"]
[EventType "swiss"]
[EventRounds "9"]
[EventCountry "USA"]
[SourceTitle "CBM 093"]
[Source "ChessBase"]
[SourceDate "2003.04.01"]
[SourceVersion "1"]
[SourceVersionDate "2003.04.01"]
[SourceQuality "1"]

1. e4 c5 2. Nf3 d6 3. d4 cxd4 4. Nxd4 Nf6 5. Nc3 Nc6 6. Bg5 e6 7. Qd2 Be7 8.
O-O-O O-O 9. Nb3 Qb6 10. f3 Rd8 11. Nb5 $5 {White destroys harmony of black
pieces by this move;} Ne5 $5 $146 {[%mdl 8] This novelty is the attempt to i
improve this line for black; Usual 11...Rd7 doesnt lead to any clarity;} (11...
Rd7 12. Be3 (12. Qe1 a6 13. Be3 Qd8 14. N5d4 Nxd4 15. Bxd4 e5 16. Bc3 d5 $132 {
1/2-1/2 Huebner,R-Reeh,O/Germany 1989/GER-chT (75)}) 12... Qd8 13. N5d4 a6 (
13... e5 14. Nxc6 bxc6 15. Na5 (15. Qc3 $5) 15... Qc7 16. Qc3 Bb7 17. Bc4 d5
$132 {1-0 Petrushin,A-Utemov,V/Simferopol 1989/EXT 97 (40)}) (13... Ne5 14. g4
d5 15. g5 Ne8 16. exd5 exd5 $13 {0-1 Armas,J-Fedorowicz,J/Wijk aan Zee 1989/
CBM 12 (42)}) 14. g4 Nxd4 15. Nxd4 Rc7 16. Kb1 Nd7 17. h4 $36 {1-0 Raaste,
E-Raisa,U/Tampere 1989/EXT 99 (27)}) 12. Be2 (12. Be3 $5 Qc6 13. Na5 Qd7 14.
Bxa7 Rf8 $44) (12. Kb1 d5 13. Be3 Qc6 14. Na5 Qd7 15. Qc3 Nc6 $132) 12... a6
13. Be3 Qc6 14. N5d4 Qa4 15. Kb1 d5 {[%cal Rd8d2]} 16. Qc3 Nc4 {This moves
keeps it very unclear, while simple 16..dxe4 gives black good play;} (16...
dxe4 $5 17. Nxe6 Bxe6 18. Qxe5 Rac8 $132) 17. Bxc4 dxc4 18. Nd2 e5 19. Ne2 {
[%csl Rc4,Re5]} Qb5 $5 {Despite of large number of weaknesses all around,
black has enough counterplay here;} (19... Be6 20. Qxe5 Bd6 21. Qg5 h6 22. Qh4
Be5 23. c3) 20. a4 Qxa4 21. Qxc4 Qe8 22. Qc7 Be6 {[%mdl 512] Black is
sacrficing a pawn, but doesnt get enough counterplay; 22...Bd6 seems better
way, and black has good counterchances thee;} (22... Bd6 $5 23. Qb6 Be6 24. Nb3
Be7 25. Rxd8 Rxd8 26. Qxb7 Rb8 27. Qxa6 Bxb3 28. cxb3 Rxb3 $44 29. Bc1 Qd8 30.
Nc3) 23. Qxe5 Bb4 24. Nb3 a5 25. Rxd8 Rxd8 26. Bd4 Bd6 $6 {26...Qc6 is more
resistant way, while aftert he game move white's advantage is obvious;} (26...
Qc6 $5 27. Bc3 Bxb3 28. cxb3 Qa6) 27. Qg5 $5 {Belie ne popadautcia v lovysky.}
(27. Qxa5 Nxe4 $1 28. fxe4 Bxb3 $132) 27... h6 28. Qe3 $16 Rc8 $6 {White's
advantage is stable and permanent, but this was better for black to prevent
Bxf6 which destroys black pawn chain over the kingside; Black could just
sacrifice another pawn by 28...Nd7, keeping fight on for a while;} (28... Nd7
29. Nxa5 Ra8) 29. Bxf6 gxf6 30. Rd1 Bf8 31. Nbd4 a4 (31... Qa4 32. Nc3 Rxc3 33.
bxc3 Qa2+ 34. Kc1 Bc4 35. Kd2 $18) 32. Nf4 $18 {White has got his knights in
the centre and hia advntage is decisive now;} a3 33. bxa3 Bc4 34. Nb3 {White
captures d5 outpost stabilizing his position;} Qc6 35. Rd2 Bxa3 36. Nd5 Bxd5
37. exd5 Qd6 38. Qxh6 Qe5 39. Rd4 Rc4 40. Qd2 Bb4 41. Qd1 $18 {Two pawns up
and stable position in the centre keep white advantage as decisive;} Rxd4 42.
Qxd4 Qe1+ 43. Kb2 Bd6 44. f4 Kg7 45. g3 Qe2 46. Qb6 Qe7 47. Qd4 Qe2 48. Qd3 Qe1
(48... Qxh2 49. Nd4 $18) 49. c4 b6 50. Nd4 {White knight desicively enters to
the game;} Kf8 51. Nf5 Qf2+ 52. Kb3 Qc5 53. Nxd6 Qxd6 54. Qc3 1-0

[Event "EU-ch 2nd"]
[Site "Ohrid"]
[Date "2001.06.11"]
[Round "10"]
[White "Bologan, Viktor"]
[Black "Aseev, Konstantin N"]
[Result "1/2-1/2"]
[WhiteElo "2676"]
[BlackElo "2577"]
[Annotator "Gofshtein,L"]
[PlyCount "54"]
[EventDate "2001.06.01"]
[EventType "swiss"]
[EventRounds "13"]
[EventCountry "YUG"]
[SourceTitle "CBM 084"]
[Source "ChessBase"]
[SourceDate "2001.09.13"]
[SourceVersion "1"]
[SourceVersionDate "2001.09.13"]
[SourceQuality "1"]

1. e4 c5 2. Nf3 d6 3. d4 cxd4 4. Nxd4 Nf6 5. Nc3 Nc6 6. Bg5 e6 7. Qd2 Be7 8.
O-O-O O-O 9. f3 a6 {Black became feel certain difficulties in the mainline, so
this move is more flexible than} (9... Nxd4 10. Qxd4 Qa5 {-mainline.}) 10. h4
Nxd4 11. Qxd4 b5 12. Kb1 (12. Bxf6 $5 gxf6 13. Bd3 {-see commented game 0-1
Salmensuu,O-Zvjaginsev,V/Linares 2000/CBM 75[Gofshtein,L] (45)}) 12... Rb8 $5
$146 {Interesting novelty. K.Aseev is wellknown specialist in this variation,
so we can suppose, he had analysed this move carefully.} (12... Qc7 13. h5 h6 {
-see commented game 0-1 Ivanchuk,V-Anand,V/Linares 1998/CBM 64[Ftacnik,L,
Gofshtein,L, Petursson,M] (27)}) (12... Bb7 13. Qd2 (13. g4 Rc8 14. Bd3 Qc7 15.
h5 h6 16. Bh4 $132 {1-0 Socko,B-Mantovani,R/Saint Vincent ITA 2001/The Week in
Chess 327 (50)}) 13... Rc8 (13... Qc7 14. Ne2 {-see commented game 1-0 Bologan,
V-Ye Jiangchuan/Beijing 2000/CBM 78[Gofshtein,L] (37)}) 14. Bd3 {-see
commented game 1-0 Bologan,V-Zvjaginsev,V/Belfort 1999/CBM 75 [Gofshtein,L](39)
}) (12... Qa5 13. e5 (13. a3 $5 Bb7 14. g4 Rac8 15. Bd2 Qc7 16. g5 Nd7 17. Be3
d5 18. exd5 Bxd5 19. Bf4 Qc6 20. Nxd5 Qxc2+ 21. Ka2 exd5 22. Rc1 Bc5 23. Qxd5
Qa4 24. Qe4 b4 $1 $132 (24... Qxe4 $2 25. fxe4 Bd4 26. Bh3 Rxc1 27. Rxc1 $16 {
1-0 Paehtz,E-Plachkinova,T/Yerevan 2000/CBM 78 ext (36)})) 13... dxe5 14. Qxe5
{-see commented game 1-0 Fogarasi,T-Nguyen Anh Dung/Budapest 2000/CBM 76
[Gofshtein,L] (64)}) 13. Qd2 b4 14. Ne2 a5 ({Worth of attention} 14... Bb7 {
[%cal Gd6d5] preparing d6-d5 break.}) ({Premature is} 14... d5 $6 15. e5 Nd7
16. Nd4 {[%csl Rb8,Rd8][%cal Gd4c6]} Rb6 17. Bxe7 Qxe7 18. f4 $14) 15. Nd4 ({
Of course, Black has sufficient compensation for P lack in case of:} 15. Bxf6
$6 Bxf6 ({Not} 15... gxf6 $2 16. Qh6 $16 {[%csl Rg8]}) 16. Qxd6 Qxd6 17. Rxd6
Bb7 18. g3 {[%csl Rh4][%cal Gf6h4]} Rfd8 19. Rxd8+ Rxd8 20. Kc1 a4 $44) 15...
Bd7 $5 {[%cal Gf6e8,Ge8c7] Usually this square - d7 - is destined for Nf6 -
after g2-g4-g5. K.Aseev prepares another path for Nf6: e8 - c7.} 16. g4 a4 {
Plans of both sides are clear: White organizes Attack on the black K, Black -
on the white one in opposite sides of the board. Who will be first?.} 17. Be3
Ne8 ({Worth of attention} 17... b3 $5 18. cxb3 axb3 (18... e5 19. Nf5 Bxf5 20.
gxf5 axb3 21. a3 $14) 19. Nxb3 $14 Ba4 20. g5 Nd7 21. h5 Bxb3 22. axb3 Rxb3 23.
g6 Bf6 24. gxh7+ Kh8 25. Bd4 $132) 18. g5 Nc7 19. f4 Qc8 {Too slowly.We can
only suggest, what meant Black doing this move. Maybe he wanted to prepare
e6-e5 and than in case of nd4-f5 to capture twice on f5?} ({Worth of attention
} 19... b3 $5 {- in spirit of this type of position!} 20. axb3 axb3 (20... e5
21. Nf5 Bxf5 22. exf5 axb3 23. c4 $14) 21. Nxb3 Ba4 22. Nd4 d5 23. e5 Ba3 24.
b3 Bb4 25. Qf2 Nb5 $1 $44) 20. g6 {White had to hurry.} ({On} 20. h5 {goes
noted above} e5 $1 21. Ne2 (21. h6 $6 g6 $1 (21... exd4 $2 22. hxg7 Kxg7 23.
Bxd4+ $18 {[%csl Rg7,Rh7][%cal Gd2h2,Gh1h7]}) 22. fxe5 (22. Ne2 b3 $40) 22...
dxe5 23. Bh3 Bxh3 24. Nc6 Qe6 25. Nxe7+ Qxe7 26. Rxh3 Rfd8 $17 {[%csl Rb1,Rg5,
Rh3][%cal Gc7e6]}) 21... b3 22. cxb3 axb3 23. a3 exf4 24. Nxf4 Bxg5 25. Rg1 h6
26. Qxd6 Nb5 {[%csl Ra3,Rb1][%cal Gc8c2,Gb5a3]} 27. Bxb5 $8 Qc2+ 28. Ka1 Bxb5
29. Nd5 $132) 20... fxg6 21. h5 gxh5 22. Rxh5 g6 ({Interesting was} 22... b3
23. cxb3 axb3 24. Nxb3 Ba4 25. Bc4 Qb7 {[%csl Re4][%cal Gb7e4]} 26. Qg2 Bc6 27.
Bd3 Be8 $132 {with very complicated position with mutual chances.}) 23. Qg2 (
23. Rh6 $5 $132) 23... Rf7 $1 {Prophilactic. Aseev plays very carefully.} ({
Dubious was} 23... b3 $6 24. cxb3 axb3 25. Nxb3 Ba4 26. Bc4 Nd5 $8 (26... Rb4
27. Rdh1 $1 $18 {On} Rf7 {goes} 28. Qxg6+ $1 Rg7 (28... hxg6 29. Rh8+ Kg7 30.
Bd4+ $18) 29. Qxg7+ Kxg7 30. Rxh7+ $18) (26... Rf7 27. f5 $16) (26... Bc6 27.
Rdh1 Bxe4+ 28. Qxe4 gxh5 29. Rg1+ Kh8 30. Bd3 Rf7 31. Bd4+ e5 32. fxe5 Ne6 33.
exd6+ Nxd4 34. dxe7 Nc6 35. Nd4 $1 $18 {[%csl Rh8]}) 27. Bxd5 exd5 28. f5 (28.
Rdh1 Bxb3 29. axb3 Qa6 30. Rxh7 Qd3+ 31. Qc2 Qxc2+ 32. Kxc2 Rfc8+ 33. Kb1 Bf6
34. exd5 Rxb3 35. Bc1 $14) 28... Bxb3 29. axb3 Qe8 30. Rh6 $1 $16) 24. f5 $2
$17 {Too risky. Probably both sides played this game stage under time pressure.
} (24. Bd3 $142 $132 {[%cal Ge4e5,Gf4f5]}) 24... exf5 25. exf5 Bxf5 26. Rxf5 ({
Or} 26. Nxf5 Rxf5 27. Bc4+ d5 28. Rxf5 Qxf5 29. Bxd5+ Nxd5 30. Rxd5 Qe6 $17)
26... Rxf5 27. Bd3 ({Or} 27. Nc6 Nd5 28. Qxd5+ Rxd5 29. Nxe7+ Kf8 30. Nxd5 Qg4
$17) 27... Rf7 ({After} 27... Rf7 {in my opinion, Black keeps an advantage,
for example:} 28. Nc6 (28. Rg1 Bf6 29. Nf5 b3 {[%csl Rb2][%cal Gb8b2,Gf6b2]}
30. axb3 axb3 31. c4 Qe6 32. Nh6+ Kf8 33. Re1 Re8 34. Nxf7 Qxf7 35. Bh6+ Kg8
36. Rf1 Qe7 37. Qb7 Bg7 38. Bd2 Ne6 $17) 28... Qe6 29. Nxb8 Qxe3 30. Qb7 Qf3
$17 {Nevertheless, position remains be complicated, so Aseev agreed for draw...
}) 1/2-1/2

[Event "KasparovChess GP g/60"]
[Site "Internet"]
[Date "2000.02.10"]
[Round "1.1"]
[White "Adams, Michael"]
[Black "Gulko, Boris F"]
[Result "1/2-1/2"]
[WhiteElo "2715"]
[BlackElo "2640"]
[Annotator "Gofshtein,L"]
[PlyCount "110"]
[EventDate "2000.02.09"]
[EventType "k.o."]
[EventRounds "4"]
[EventCountry "NET"]
[SourceTitle "CBM 076"]
[Source "ChessBase"]
[SourceDate "2000.05.31"]
[SourceVersion "1"]
[SourceVersionDate "2000.05.31"]
[SourceQuality "1"]

{[%mdl 20480]} 1. e4 c5 2. Nf3 d6 3. d4 cxd4 4. Nxd4 Nf6 5. Nc3 Nc6 6. Bg5 e6
7. Qd2 Be7 8. O-O-O O-O 9. Nb3 Qb6 10. f3 Rd8 11. Kb1 Qc7 12. h4 a6 (12... d5
13. Bxf6 (13. exd5 Nxd5 14. Bd3 Ndb4 15. Nb5 Qe5 16. f4 Qxb5 17. Bxb5 Rxd2 18.
Bxe7 (18. Rxd2 f6 19. c3 Nd5 20. g3 fxg5 21. hxg5 $132) 18... Rd5 19. Bc5 h6
20. Be2 Rxd1+ 21. Rxd1 Nd5 22. g3 b6 23. Bg1 $14 {1/2-1/2 Ivanchuk,V-Anand,V/
Amber-blind 1994 (54)}) 13... dxe4 14. Nb5 Rxd2 15. Rxd2 Qg3 (15... Qb6 16.
Bxe7 Nxe7 17. c4 Bd7 (17... e3 18. Rd6 Nc6 19. c5 $18) 18. Rxd7 $18 {1-0
Cunningham,R-Fishbein,A/Philadelphia 1992 (27)}) 16. Bc3 e3 17. Re2 Qf4 $19)
13. g4 {This move is novelty, important only for moves order. g2-g4 was played
also in another games:} (13. Qf2 b5 14. Be3 Rb8 15. g4 {Here} Ne5 16. g5 Nfd7
17. h5 b4 18. Ne2 a5 19. g6 a4 20. Nbd4 Nc5 21. gxf7+ Kxf7 22. Nf4 $132 {
0-1 Ivanchuk,Vassily-Kramnik,Vladimir/Amber-rapid 3rd rapid (6) ;CBM 40 ext
1994 (43)}) (13. h5 h6 14. Bh4 b5 15. g4 {And here} Ne5 16. Nd4 $132 (16. Qf2
$5 b4 17. Ne2 (17. Na4 Rb8 18. Bg3 Bb7 19. g5 (19. Bg2 Nfd7 20. g5 Bc6 $17) (
19. Bxe5 dxe5 20. Rxd8+ Rxd8 21. Bd3 Nd7 $17) 19... hxg5 20. Nd4 (20. h6 Nxf3
$1 $17) 20... g4 21. h6 g6 22. h7+ Kh8 23. Bd3 gxf3 24. Nxf3 Nxe4 $17 {0-1
Kornev,Alexei-Belikov,Vladimir/Moscow op2 (6) ;CBM 50 ext 1995 (40)}) 17... Bb7
18. Nbd4 d5 $15)) 13... b5 14. Bd3 (14. Be2 b4 {And N can't go to e2.} 15. Na4
Bb7 (15... d5 16. Qe3 dxe4 17. Rxd8+ Bxd8 18. Bxf6 Bxf6 19. Qxe4 Bb7 20. Bd3 g6
21. Nac5 $14) 16. Be3 Nd7 17. h5 $132) 14... Ne5 15. Nd4 b4 16. Nce2 (16. Na4
$2 {[%csl Ra4]} Bd7 17. Bxf6 (17. Qxb4 Rab8 18. Qa3 (18. Qc3 Qa7 $19 {[%csl
Ra4]}) 18... Qa5 $19 {[%csl Ra4]}) (17. b3 Bxa4 18. bxa4 d5 19. Bf4 Bd6 $17)
17... Bxf6 18. g5 Be7 19. b3 Bxa4 20. bxa4 d5 $17) 16... d5 $1 {Black equalized
} 17. exd5 (17. Bf4 Bb7 (17... dxe4 18. Bxe5 Qxe5 19. Nc6 Qc7 20. Nxd8 exd3 21.
Qxd3 Bd7 22. g5 Bb5 (22... Rxd8 23. gxf6 Ba4 24. Qe4 Rc8 25. Rd2 Bxf6 $44) 23.
Nxe6 fxe6 24. Qe3 Nh5 25. Qxe6+ Kh8 26. Rhe1 Bf8 27. Nd4 Rc8 $132) 18. g5 Nfd7
19. h5 $132) 17... Nxd5 18. Bxe7 Qxe7 19. Be4 (19. h5 Bb7 20. Be4 $132) 19...
Bb7 20. Qg5 (20. h5 $132) 20... Qc7 21. h5 h6 22. Qh4 $2 $17 {[%csl Re3] White
Q must be present in the center} (22. Qc1 $142 Nc4 23. g5 hxg5 $1 (23... Nde3
24. gxh6 gxh6 25. Rhg1+ Kf8 26. Rd3 Bxe4 27. fxe4 $16 {[%csl Re3][%cal Gc1h6]})
24. h6 $1 (24. Qxg5 Qe5 25. Rhg1 (25. Qxe5 Nxe5 $11) 25... Qxg5 26. Rxg5 Kf8
27. Rdg1 Nd2+ 28. Kc1 Nxe4 29. fxe4 Nf6 30. Rxg7 Bxe4 31. h6 Ke7 $132) 24...
Nde3 (24... gxh6 25. Rxh6 Qe5 26. Rg1 Nce3 27. Bxd5 Rxd5 28. f4 Qe4 29. Rh3 $16
) 25. Rd3 Bxe4 26. fxe4 e5 27. Nf5 Nxf5 28. exf5 f6 29. Ng3 $44) 22... Ne3 $1 {
[%csl Rd1,Rf3]} 23. Rc1 (23. Bxb7 Qxb7 24. Rd2 N5c4 25. Rd3 e5 (25... Rac8 26.
g5) 26. g5 exd4 27. gxh6 Qxf3 $17) 23... Bxe4 24. fxe4 Qc5 (24... N5xg4 25.
Rhg1 Qc4 26. Rxg4 Rxd4 (26... Nxg4 27. Qxg4 Rxd4 28. Rg1 g5 29. Nxd4 (29. hxg6
f5 30. Qh5 Rd2 $19) 29... Qxd4 30. Rd1 Qc5 $17) 27. Nxd4 Nxg4 28. Qxg4 Qxd4 $17
) 25. g5 Rxd4 26. gxh6 Nf5 (26... N5g4 $17 {The same position, like in the
game, with White Q on g1 instead of h4}) 27. Qf2 Ng4 28. Qg1 Nfe3 29. Nxd4 Qxd4
30. Rh3 (30. hxg7 Qxe4 31. h6 Rc8 32. Rh4 Kh7 $17) 30... Rc8 31. Rg3 f5 (31...
Qxe4 $2 {[%csl Rg7]} 32. Rxe3 Qxe3 33. Qxg4 Qxh6 34. Qxb4 Qxh5 35. Qb7 Qc5 36.
Qxa6 $132) 32. exf5 exf5 33. hxg7 Qe4 $1 {[%csl Rc2][%cal Ge4h1]} (33... Kxg7
$2 34. Qh1 Rc7 $15) 34. Qh1 (34. h6 Rxc2 35. Rxc2 Qxc2+ 36. Ka1 Nd1 $19) 34...
Qxh1 35. Rxh1 Kxg7 36. Re1 Kf6 (36... Re8 $17) 37. Rexe3 Nxe3 38. Rxe3 f4 $19 {
Black position is winning, and it is necessary a little accuracy.} 39. Rd3 Kg5
{[%cal Gg5g4,Gf4f3]} 40. a3 (40. Kc1 Kxh5 (40... Kg4 41. h6 f3 42. Kd2 Kg3 (
42... f2 43. Ke2 Rxc2+ 44. Kf1 $14) 43. h7 Rh8 44. Rd7 f2 45. Rg7+ Kf3 46. Rf7+
Kg2 47. Rg7+ $11) 41. Kd2 Kg4 {[%csl Rc2]} (41... Re8 42. Rd4 Kg4 43. Rxb4 $44)
42. Rd4 a5 43. c3 bxc3+ 44. bxc3 Kg3 45. Rd7 (45. Rd5 a4 46. Ra5 f3 $19) 45...
f3 46. Rg7+ Kf2 $19) 40... bxa3 41. Rxa3 Rc6 42. Kc1 Kg4 $4 (42... Kxh5 43. Kd2
Kg4 $19) 43. Kd2 Re6 44. Ra1 $4 {Wrong place for R !} (44. Ra4 $1 {[%csl Yh5]
[%cal Ga4g4,Ga4a5]} Rf6 (44... Kg3 45. Ra5 Rd6+ (45... f3 46. Rg5+ Kh2 (46...
Kf4 47. Rg6 Re2+ 48. Kd3 Re3+ 49. Kd2 Re2+ $11) 47. Rf5 Kg2 48. Rg5+ Kf1 49.
Rg6 Re7 50. h6 f2 51. Rxa6 Kg2 $11 (51... Rd7+ 52. Ke3)) 46. Ke1 Rc6 47. c3 Rb6
(47... Re6+ 48. Kd2 f3 49. Rg5+ Kf4 $11 (49... Kh2 50. h6 $1)) (47... Kf3 48.
Re5 $44) 48. b4 Re6+ 49. Kd2 f3 50. Rg5+ $11) 45. Ke2 Kg3 46. Kf1 Rd6 (46... f3
47. Ra5 Rd6 48. Rg5+ Kf4 49. Rg6 $11) 47. Ra3+ f3 48. Rd3 Rb6 49. Rb3 Rh6 50.
Rb8 Rxh5 51. Rg8+ Kf4 52. Rf8+ Ke3 53. Re8+ $11) 44... f3 (44... Kxh5 $144 45.
Rg1 {[%csl Rh5]} Kh4 (45... f3 46. Re1 $11) 46. Re1 $1 Rb6 (46... Rxe1 47. Kxe1
Kg3 48. Kf1 Kf3 49. c4 Ke4 50. b4 Kd4 51. b5 $11) 47. b3 Kg3 48. Re8 Kf2 49.
Rd8 f3 $19) 45. Rh1 (45. b4 f2 46. c4 Kf3 47. c5 Re2+ 48. Kc3 Re1 49. Rxa6 f1=Q
50. Rf6+ Ke4 51. Rxf1 Rxf1 52. Kc4 Rc1+ 53. Kb5 Kd5 $19) 45... f2 46. c4 Kg3
47. b4 Kg2 48. Ra1 f1=Q 49. Rxf1 Kxf1 50. Kc3 Rb6 $4 $11 {Ununderstandable
move! 2 tempi loss is too expensive gift} ({Right was} 50... Ke2 51. Kd4 (51.
c5 Ke3 52. Kc4 Ke4 53. b5 axb5+ 54. Kxb5 Kd5 $19) 51... Kf3 $1 (51... Rh6 $2
52. b5 axb5 53. cxb5 Rxh5 (53... Kf3 54. Kc5 Ke4 55. b6 $11) 54. Kc4 Rh1 55. b6
Rb1 56. Kc5 $11) 52. b5 (52. Kd5 Rh6 53. b5 a5 54. c5 Rxh5+ 55. Kc4 (55. Kc6 a4
56. b6 a3 57. b7 Rh8 58. Kc7 a2 $19) 55... Rh4+ 56. Kd5 Rb4 57. b6 a4 58. c6
Rb5+ 59. Kc4 Rxb6 60. c7 Rc6+ $19) 52... a5 $1 {Black P play important role!}
53. c5 a4 54. b6 a3 55. b7 a2 $19) 51. c5 Rh6 52. b5 $1 axb5 53. Kb4 Rxh5 (
53... Ke2 54. Kxb5 Kd3 55. c6 $11) 54. Kxb5 Ke2 55. Kb6 Rxc5 1/2-1/2